02286njm a2200433Ia 450000100060000000300090000600500170001500800410003204000130007304000130008610000110009910000180011010000380012824500290016625000110019526000110020626000650021730000100028230000290029250000230032150502550034451100390059965000530063870000600069170000940075170000760084570000720092170000550099370000710104870000750111970000840119470000830127870000670136170000870142870000810151570000860159670000730168270000970175525627IT-RoPAU20220918181214.0131025s9999 xx 000 0 und d aIT-RoPAU cIT-RoPAU aAA.VV. eAutore musica gCodice autore musica SPICS: 12000 aMusica sotto il sombrero a1a ed. aMILANO bVEDETTE RECORDSc1968 [1a Ed.:1968 - Ed. Lingua Orig.: 1968] aDISCO c31 minuti (Testo: pag.) aMusica strumentale aJungle Drums (3:00) - Siboney (3:00) - El relicario (3:00) - Siesta (3:00) - Mama (3:00) - Amado mio (3:00) - Algesiras (3:00) - Blanquita (3:00) - Los tres caballeros (3:00) - Besame mucho (3:00) - Angeli negri (3:00) - Rumba delle noccioline (3:00) aDirettore d'orchestra: Pinto Varez aSTRUMENTALE [DISCHI]eCodice MATERIA SPICS: 9950 aVarez PintogCodice interprete SPICS: 11565pInterprete aLecuona ErnestogCodice autore musica SPICS: 27712pJungle Drums - SiboneyeAutore musica aPadillagCodice autore musica SPICS: 14011pEl relicarioeAutore musica aPagani H.gCodice autore musica SPICS: 14309pSiestaeAutore musica aAnelligCodice autore SPICS: 16070pSiestaeAutore aBono SonnygCodice autore musica SPICS: 15581pMamaeAutore musica aFisher R.gCodice autore musica SPICS: 16071pAmado mioeAutore musica aChiolagCodice autore musica SPICS: 16073pAlgesiras - BlanquitaeAutore musica aAlguerogCodice autore musica SPICS: 15997pLos tres caballeroseAutore musica aMoreugCodice autore SPICS: 15998pLos tres caballeroseAutore aVelazquez ConsuelogCodice autore musica SPICS: 15704pBesame muchoeAutore musica aMaciste M.A.gCodice autore musica SPICS: 16072pAngeli negrieAutore musica aGilbertgCodice autore musica SPICS: 22535pRumba delle nocciolineeAutore musica aSunsinesgCodice autore SPICS: 27713pRumba delle nocciolineeAutore aSimonsgCodice autore testo/musica SPICS: 15821pRumba delle nocciolineeAutore testo/musica